000 00498nam a2200169Ia 4500
999 _c11423
_d11423
003 OSt
005 20200104130210.0
008 190216s9999||||xx |||||||||||||| ||und||
020 _a9788181523464
040 _coclc
082 _a332.1068
_bPAN/B
100 _aPant, Anoop
_91061
245 0 _aBanking And Working Capital Management /
_cAnoop Pant
260 _bBook Enclave Inida,
_c2014.
_aJaipur:
300 _a255p
942 _cBK
_2ddc
_h332.1068
_iPAN/B
_k332.1068
_mPAN/B